| 000 | 00874nam0a22002651 4500 | ||
|---|---|---|---|
| 001 | rc\2773743 | ||
| 005 | 20250806203948.0 | ||
| 035 | _a(NLR Aleph) 006900066 | ||
| 090 |
_a29200 _c29200 |
||
| 100 | _a20110915d1941 u y0rusy50 ca | ||
| 101 | 0 | _arus | |
| 102 | _aRU | ||
| 105 | _aa z ||||| | ||
| 200 | 1 |
_aЗаразные болезни и меры борьбы с ними _fИ. З. Саркисов, военврач 3-го ранга |
|
| 210 |
_aРостов-на-Дону _cобл. изд-во _d1941 |
||
| 215 |
_a67 с. _cил. _d13 см. |
||
| 300 | _aМикрофильм | ||
| 700 | 1 |
_aСаркисов _bИ.З. _gИван Захарович |
|
| 801 | 0 |
_aRU _bNLR _gpsbo |
|
| 801 | 1 |
_aRU _bELAR _2rusmarc |
|
| 852 |
_aNLR _jМф К1/579 |
||
| 942 | _cBOOK | ||
| 945 | _aРоссийская национальная библиотека | ||
| 980 | _aNB | ||
| 980 | _aBV | ||